Konsonaatilla alkavat ja päättyvät Euroopan pääkaupungit - Statistics

Yleistilastot
  • Tätä visaa on pelattu 360 kertaa
    359 viimeisimmän päivityksen jälkeen
  • Keskiarvotulos 10 / 14
Vastaustilastot
Pääkaupunki % Oikein
Madrid
87%
Lissabon
80%
Reykjavik
79%
Dublin
77%
Budapest
76%
Bern
75%
Bryssel
74%
Bukarest
74%
Wien
72%
Minsk
67%
Zagreb
64%
Vaduz
63%
Luxemburg
61%
Belgrad
59%
Ehtoja vastaavia visoja ei löytynyt
Tulosjakauma
Jokaisen tuloksen saaneiden osuus
Persentiili vastausten määrän mukaan
Tuloshistoriasi
Et ole pelannut tätä visaa sen viimeisimmän päivityksen jälkeen